02269nam a22002297a 450000500170000000800410001702000200005804000070007804100080008508200180009310000250011124500300013626000430016630000280020936500610023752014850029865000490178370000290183294200120186199900190187395201470189220250214143039.0250214b ||||| |||| 00| 0 eng d a 9789402419511 cAL aeng 223a537bDOBE aRoland Dobbs9199800 aElectricity and magnetism aLondonbRoutledge and Kegan Paulc2023 aix,128pbPBc19.5x13cm. 2Generala6387b₹556.00c₹d₹695.00e20%f6/02/2025 aElectromagnetism is basic to our understanding of the properties of matter and yet is often regarded as a difficult part of an under graduate physics course. In this book answers are developed from first principles to such questions as: What is electricity? What is electromagnetism? Why are some materials magnetic and others non-magnetic? What is magnetism? Physics answers these questions in two related ways. On the one hand the classical explanation is in terms of classical concepts: electric charge q, electric and magnetic fields (E and B) and electric currents. On the other hand the microscopic (or 'atomic ') explanation is in terms of quantum concepts: electrons, nuclei, electron orbits in atoms, electron spin and photons. Microscopic explanations underlie classical ones, but do not deny them. The great triumphs of classical physics are mechanics, gravitation, thermodynamics, electromagnetism and relativity. Historically they began at the time of Newton (seventeenth century) and were completed by Maxwell (nineteenth century) and Einstein (early twentieth century). Microscopic explanations began with J J. Thomson's discovery of the electron in 1897. For most physical phenomena it is best to seek a classical explanation first, especially phenomena at room temperature, or low energy, when quantum effects are small. Although this text is primarily concerned with classical explanations in a logical, self-consistent sequence, they are related to microscopic. 2Electricity and ElectronicsaPhysics9199801 aCarlile, Hildred9199802 2ddccBK c233783d233783 00102ddc40708PHYaSACPGbSACPGd2025-02-12eBiblios Book Pointg556.00l0o537 DOBEpPG024929r2025-02-14 00:00:00v695.00w2025-02-14yBK